MARC
| LEADER | 00000 a a2200000 04500 | ||
|---|---|---|---|
| 001 | 23778 | ||
| 003 | |||
| 040 | |||
| 090 | |a 168200 | ||
| 100 | |a Jiménez, Edgar | ||
| 110 | |a ICADIS | ||
| 245 | |a Documento bibliográfico sobre la crisis salvadoreña; 1er. avance de investigación / |c Edgar Jiménez | ||
| 260 | |a San José: |b ICADIS | ||
| 300 | |a 36 ,12, 20 p. | ||
| 700 | |a Córdova Macías, Ricardo | ||
| 700 | |a López, Francisco | ||
| 999 | |c 12446 |d 12446 | ||
